| Поле | Название | Значение |
| |
Тип записи |
c |
| |
Библиографический уровень |
m |
| 001 |
Контрольный номер |
RU/УОНБ/EK_N/629555755 |
| 005 |
Дата корректировки |
20250520123120.7 |
| 010 |
Индекс ISBN |
__ |
| 9 |
Тираж |
15000 экз. |
| 013 |
Номер (ISMN) |
__ |
| d |
Цена |
65 к. |
| 071 |
Издательские номер (звукозапись и ноты) |
21 |
| a |
Номер, присвоенный агентством |
11591 |
| 100 |
Данные общей обработки |
__ |
| a |
Данные общей обработки |
20191213d1982 u y0rusy0189||||ca |
| 101 |
Язык документа |
0_ |
| a |
Язык текста |
rus |
| f |
Язык титульного листа |
rus |
| 102 |
Страна публикации |
__ |
| a |
Страна публикации |
RU |
| 105 |
Кодированные данные (монография) |
__ |
| a |
Кодированные данные (монография) |
y###||||000|y |
| 125 |
Кодированные данные звукозаписи и нотных изданий |
__ |
| a |
Форма изложения нотного текста |
с| |
| 128 |
Кодированные данные (звукозаписи-физические характеристики) |
__ |
| a |
Кодированные данные: Музыкальная форма и тональность или лад |
zz |
| c |
Инструменты или голоса, рекомендуемые для солистов (устаревшее) |
kt|| |
| 200 |
Заглавие и сведения об ответственности |
1_ |
| a |
Заглавие |
Популярная музыка |
| b |
Общее обозначение материала |
Ноты |
| e |
Сведения, относящиеся к заглавию |
в перелож. для аккордеона (баяна) |
| e |
Сведения, относящиеся к заглавию |
[с надпис. текстом] |
| f |
Первые сведения об ответственности |
Б. Мокроусов |
| g |
Последующие сведения об ответственности |
сост. [и авт.] перелож. Н. Горлов |
| 210 |
Выходные данные |
1_ |
| a |
Место издания |
Москва |
| c |
Издательство |
Музыка |
| d |
Дата издания |
1982 |
| 215 |
Физическое описание |
__ |
| a |
Объем |
56 с. |
| d |
Формат |
29 см |
| 327 |
Примечание о содержании |
11 |
| a |
Примечание о содержании |
Содерж. : Широка ты, родная Россия / сл. А. Чуркина. - Страна моя советская / сл. М. Матусовского. - Мы люди большого полёта ; На крылечке твоём : из спектакля "Свадьба с приданым" ; Когда весна придёт... : из кф. "Весна на Заречной улице" / сл. А. Фатьянова. - Песня защитников Москвы / сл. А. Суркова. - Заветный камень / сл. А. Жарова. - Жди солдата / сл. С. Острового. - Море шумит / сл. В. Балашова и Вл. Карпова. - Всегда ты хороша / сл. Н. Глейзарова. - Одинокая гармонь ; Мы с тобою не дружили : из радиопостановки "Поддубенские частушки" / сл. М. Исаковского. - Сормовская лирическая / сл. Е. Долматовского. - Хороши весной в саду цветочки / сл. С. Алымова. - Я за реченьку гляжу / сл. В. Малкова и Г. Строганова. - Костры горят далёкие / сл. И. Шамова. - Назначай поскорее свидание / сл. С. Смирнова. - Осенние листья / сл. М. Лисянского. - Вьётся вдаль тропа лесная / сл. Н. Лабковского. - Милый мой живёт в Казани / сл. Вл. Соловьёва. - Матросская пляска : из оперетты "Роза ветров". - Вальс ; Пляска чапаевцев : из оперы "Чапай". |
| 464 |
Аналитический уровень |
_0 |
| 1 |
|
2001 |
| a |
|
Широка ты, родная Россия |
| e |
|
Широка ты, родная Россия... |
| 1 |
|
702 1 |
| a |
|
Чуркин |
| b |
|
А. |
| 4 |
|
520 |
| 464 |
Аналитический уровень |
_0 |
| 1 |
|
2001 |
| a |
|
Страна моя советская |
| e |
|
Страна моя советская... |
| 1 |
|
702 1 |
| a |
|
Матусовский |
| b |
|
М. |
| 4 |
|
520 |
| 464 |
Аналитический уровень |
_0 |
| 1 |
|
2001 |
| a |
|
Мы люди большого полёта |
| e |
|
Мы люди большого полёта... |
| 1 |
|
702 1 |
| a |
|
Фатьянов |
| b |
|
А. |
| 4 |
|
520 |
| 464 |
Аналитический уровень |
_0 |
| 1 |
|
2001 |
| a |
|
Песня защитников Москвы |
| e |
|
В атаку стальными рядами... |
| 1 |
|
702 1 |
| a |
|
Сурков |
| b |
|
А. |
| 4 |
|
520 |
| 464 |
Аналитический уровень |
_0 |
| 1 |
|
2001 |
| a |
|
Заветный камень |
| e |
|
Холодные волны вздымает лавиной... |
| 1 |
|
702 1 |
| a |
|
Жаров |
| b |
|
А. |
| 4 |
|
520 |
| 464 |
Аналитический уровень |
_0 |
| 1 |
|
2001 |
| a |
|
Жди солдата |
| e |
|
Ой, красивы над Волгой закаты... |
| 1 |
|
702 1 |
| a |
|
Островой |
| b |
|
С. |
| 4 |
|
520 |
| 464 |
Аналитический уровень |
_0 |
| 1 |
|
2001 |
| a |
|
Море шумит |
| e |
|
Море шумит грозной волной... |
| 1 |
|
702 1 |
| a |
|
Балашов |
| b |
|
В. |
| 4 |
|
520 |
| 1 |
|
702 1 |
| a |
|
Карпов |
| b |
|
Вл. |
| 4 |
|
520 |
| 464 |
Аналитический уровень |
_0 |
| 1 |
|
2001 |
| a |
|
Всегда ты хороша |
| e |
|
Зажглась заря вечерняя... |
| 1 |
|
702 1 |
| a |
|
Глейзаров |
| b |
|
Н. |
| 4 |
|
520 |
| 464 |
Аналитический уровень |
_0 |
| 1 |
|
2001 |
| a |
|
Одинокая гармонь |
| e |
|
Снова замерло всё до рассвета... |
| 1 |
|
702 1 |
| a |
|
Исаковский |
| b |
|
М. |
| 4 |
|
520 |
| 464 |
Аналитический уровень |
_0 |
| 1 |
|
2001 |
| a |
|
Сормовская лирическая |
| e |
|
На Волге широкой... |
| 1 |
|
702 1 |
| a |
|
Долматовский |
| b |
|
Е. |
| 4 |
|
520 |
| 464 |
Аналитический уровень |
_0 |
| 1 |
|
2001 |
| a |
|
Хороши весной в саду цветочки |
| e |
|
Хороши весной в саду цветочки... |
| 1 |
|
702 1 |
| a |
|
Алымов |
| b |
|
С. |
| 4 |
|
520 |
| 464 |
Аналитический уровень |
_0 |
| 1 |
|
2001 |
| a |
|
Я за реченьку гляжу |
| e |
|
Я за реченьку гляжу... |
| 1 |
|
702 1 |
| a |
|
Малков |
| b |
|
В. |
| 4 |
|
520 |
| 1 |
|
702 1 |
| a |
|
Строганов |
| b |
|
Г. |
| 4 |
|
520 |
| 464 |
Аналитический уровень |
_0 |
| 1 |
|
2001 |
| a |
|
Костры горят далёкие |
| e |
|
Костры горят далёкие... |
| 1 |
|
702 1 |
| a |
|
Шамов |
| b |
|
И. |
| 4 |
|
520 |
| 464 |
Аналитический уровень |
_0 |
| 1 |
|
2001 |
| a |
|
Назначай поскорее свидание |
| e |
|
Ты обычно всегда в стороне... |
| 1 |
|
702 1 |
| a |
|
Смирнов |
| b |
|
С. |
| 4 |
|
520 |
| 464 |
Аналитический уровень |
_0 |
| 1 |
|
2001 |
| a |
|
Осенние листья |
| e |
|
Осенние листья шумят и шумят в саду... |
| 1 |
|
702 1 |
| a |
|
Лисянский |
| b |
|
М. |
| 4 |
|
520 |
| 464 |
Аналитический уровень |
_0 |
| 1 |
|
2001 |
| a |
|
Вьётся вдаль тропа лесная |
| e |
|
Вьётся вдаль тропа лесная... |
| 1 |
|
702 1 |
| a |
|
Лабковский |
| b |
|
Н. |
| 4 |
|
520 |
| 464 |
Аналитический уровень |
_0 |
| 1 |
|
2001 |
| a |
|
Милый мой живёт в Казани |
| e |
|
Милый мой живёт в Казани... |
| 1 |
|
702 1 |
| a |
|
Соловьёв |
| b |
|
Вл. |
| 4 |
|
520 |
| 464 |
Аналитический уровень |
_0 |
| 1 |
|
2001 |
| a |
|
Матросская пляска |
| e |
|
из оперетты "Роза ветров" |
| 1 |
|
50010 |
| a |
|
Роза ветров |
| 464 |
Аналитический уровень |
_0 |
| 1 |
|
2001 |
| a |
|
Вальс |
| e |
|
из оперы "Чапай" |
| 1 |
|
50010 |
| a |
|
Чапай |
| 464 |
Аналитический уровень |
_0 |
| 1 |
|
2001 |
| a |
|
На крылечке твоём |
| e |
|
На крылечке твоём... |
| e |
|
из спектакля "Свадьба с приданым" |
| 1 |
|
702 1 |
| a |
|
Фатьянов |
| b |
|
А. |
| 4 |
|
520 |
| 1 |
|
50010 |
| a |
|
Свадьба с приданым |
| 464 |
Аналитический уровень |
_0 |
| 1 |
|
2001 |
| a |
|
Когда весна придёт... |
| e |
|
Когда весна придёт... |
| e |
|
из кф. "Весна на Заречной улице" |
| 1 |
|
702 1 |
| a |
|
Фатьянов |
| b |
|
А. |
| 4 |
|
520 |
| 1 |
|
50010 |
| a |
|
Весна на Заречной улице |
| 464 |
Аналитический уровень |
_0 |
| 1 |
|
2001 |
| a |
|
Мы с тобою не дружили |
| e |
|
Мы с тобою не дружили... |
| e |
|
из радиопостановки "Поддубенские частушки" |
| 1 |
|
702 1 |
| a |
|
Исаковский |
| b |
|
М. |
| 4 |
|
520 |
| 1 |
|
50010 |
| a |
|
Поддубенские частушки |
| 464 |
Аналитический уровень |
_0 |
| 1 |
|
2001 |
| a |
|
Пляска чапаевцев |
| e |
|
из оперы "Чапай" |
| 1 |
|
50010 |
| a |
|
Чапай |
| 512 |
Заглавие обложки |
1_ |
| a |
Заглавие обложки |
Популярная музыка |
| 600 |
Персоналии |
_1 |
| a |
Персоналии (Фамилия) |
Мокроусов, Борис Андреевич |
| 606 |
Тематические рубрики |
0_ |
| a |
Основная рубрика |
Аккордеон |
| x |
Основная подрубрика |
Популярная музыка |
| 610 |
Ключевые слова |
0_ |
| a |
Ключевые слова |
аккордеон |
| 610 |
Ключевые слова |
0_ |
| a |
Ключевые слова |
популярная музыка |
| 610 |
Ключевые слова |
0_ |
| a |
Ключевые слова |
Мокроусов Б. А. |
| 686 |
Индексы других классификаций |
__ |
| a |
Классификационный индекс |
85.954.7-09(2)я43 |
| a |
Классификационный индекс |
85.954.6-09(2)я43 |
| 2 |
Код системы |
rubbk |
| 700 |
Автор |
_1 |
| a |
Фамилия |
Мокроусов |
| b |
Имя (инициалы) |
Б. А. |
| g |
Полное личное имя |
Борис Андреевич |
| 702 |
Вторичная интеллектуальная ответственность |
_1 |
| a |
Фамилия |
Горлов |
| b |
Имя (инициалы) |
Н. |
| 4 |
Код отношения |
220 |
| 4 |
Код отношения |
030 |
| 801 |
Источник записи |
_0 |
| a |
Страна |
RU |
| b |
Организация |
Ульяновская ОНБ |
| c |
Дата составления |
20191213 |
| g |
Правила каталогизации |
RCR |
| 801 |
Источник записи |
_1 |
| a |
Страна |
RU |
| b |
Организация |
Ульяновская ОНБ |
| c |
Дата составления |
20191213 |
| g |
Правила каталогизации |
RCR |
| 901 |
Тип документа |
__ |
| t |
Тип документа |
m |
| 909 |
Создатель записи |
__ |
| a |
Создатель записи |
Лобина Л. И. |
| 938 |
Служебная информация |
__ |
| a |
Имя БД |
noti |
| b |
Имя библиотеки |
УОНБ |
| c |
Имя АИБС |
МАРК-SQL |
| d |
Номер DOC_ID в БД |
21682 |